Online Catalogue and eLibrary

Brave little women : (Record no. 2928)

MARC details
000 -LEADER
fixed length control field 00634nam a2200157Ia 4500
005 - DATE AND TIME OF LATEST TRANSACTION
control field 20240603234153.0
008 - FIXED-LENGTH DATA ELEMENTS--GENERAL INFORMATION
fixed length control field 240331s9999 xx 000 0 und d
020 ## - INTERNATIONAL STANDARD BOOK NUMBER
ISBN 9718605169
082 ## - DDC Classification
Item Number - Author Mark BRA
Class No. 362
100 ## - MAIN ENTRY--PERSONAL NAME
Personal name Azcuna,C. ed
245 #0 - TITLE STATEMENT
Title Brave little women :
Remainder of title a study on incest
260 ## - PUBLICATION, DISTRIBUTION, ETC.
Place of publication, distribution, etc. Manila
Name of publisher, distributor, etc. Institute of Women's Education
Date of publication, distribution, etc. 1995
300 ## - PHYSICAL DESCRIPTION
Extent (e.g. Volumes, Pages etc.) 62 p.,
500 ## - GENERAL NOTE
General note Brave Little Women is a joint project of the Inter-Institutional Consortium of: De La Salle University, Philippine Normal University, St.Pauls' College and St.Scholastica's with the support of the Board for Christian Higher Education in Asia.
942 ## - Koha item type (Biblio)
Koha item type Books in Stacks (Lending)
Holdings
Lost status Damaged status Collection code Home library Current library Shelving location Date acquired Full call number Accession Number Item type
    Lending WERC Library WERC Library Social Science Cupboard 03/31/2024 362.8 BRA 5026 Books in Stacks (Lending)

© WERC Library